La culture en couleurs (3) Vert - Statistiques

Statistiques générales
  • Ce quiz a été pris 11 620 fois
    11 351 depuis la dernière actualisation
  • Le résultat moyen est 10 sur 20
Statistiques - réponses
Indice Réponse % Correct
Pierre précieuse verte Emeraude
91%
Moutarde verte japonaise Wasabi
87%
Religion associée à cette couleur Islam
77%
Sport dans lequel on trouve des greens Golf
76%
Organisme polluant les plages bretonnes. Les Verts en sont verts ! Algues vertes
74%
Pigment vert caractéristique du règne végétal Chlorophylle
74%
Roman de Stephen King et film de Frank Darabont La {ligne} verte
68%
Equipe de foot habillée en vert et qui a eu son heure de gloire dans les années 70 AS Saint-Étienne
66%
Parti vert français Europe Ecologie les Verts
64%
Nation insulaire lusophone Cap-Vert
52%
Ingrédient du Ti-punch ou de la caipirinha Citron vert
46%
Permet de s'installer chez Biden Carte verte
33%
Roi de France surnommé le Vert Galant Henri IV
30%
Pays dont le drapeau était intégralement vert jusqu'en 2011 Libye
29%
Film d'anticipation de Robert Fleischer, avec Charlton Heston {Soleil} Vert
23%
Nom péjoratif parfois donné à la jungle équatoriale Enfer vert
19%
Phénomène atmosphérique qui a donné aussi son titre à un roman de Jules Verne Le {rayon} vert
16%
Ses membres sont porteurs de « l'habit vert » Académie française
15%
Délicieux vin du Portugal Vinho verde
9%
Autre nom de la « langue verte » L'argot
6%
Aucun quiz correspondant
Distribution des résultats
% des personnes avec chaque résultat
Percentile par nombre de réponses
Votre historique - résultats
Vous n’avez pas pris ce quiz depuis la dernière actualisation